Architectural acoustics : principles and practice.
Gardado en:
| Formato: | Libro |
|---|---|
| Idioma: | English |
| Publicado: |
New York :
Wiley,
1999.
|
| Những chủ đề: | |
| Các nhãn: |
Engadir etiqueta
Sen Etiquetas, Sexa o primeiro en etiquetar este rexistro!
|
| Thư viện lưu trữ: | Mạng thư viện Đại học Đà Nẵng |
|---|
| LEADER | 00747cam a2200301 a 4500 | ||
|---|---|---|---|
| 001 | 000046462 | ||
| 003 | 5932 | ||
| 005 | 20060619151251.0 | ||
| 008 | 010220b1999 vm 000 eng | ||
| 020 | |a 0471306827 | ||
| 040 | |a IRC |c IRC |d IRC | ||
| 041 | 0 | |a eng | |
| 082 | 1 | 4 | |a 690.2 |b Ar-A |
| 245 | 0 | 0 | |a Architectural acoustics : |b principles and practice. |
| 260 | |a New York : |b Wiley, |c 1999. | ||
| 300 | |a xix, 332 p. : |b ill. | ||
| 630 | 0 | 4 | |a Architectural acoustics. |
| 650 | 0 | 4 | |a Architectural acoustics. |
| OWN | |a DUT | ||
| 999 | |a From the UDN01 | ||
| TYP | |a Monograph | ||
| TYP | |a Printed language | ||
| 980 | |a Mạng thư viện Đại học Đà Nẵng | ||


